000 01373cam a22003251i 4500
003 SA-RiAUC
005 20250709053305.0
008 250708s2013____su a g f000 0dara c
020 _a9786038128077
040 _aSA-RiDKA
_bara
_cSA-RiAUC
_erda
041 1 _aara
_aeng
_hund
043 _aa-su---
050 4 _bC76125 2013
082 0 4 _a915.31204
_qSA-RiAUC
090 _a915.312804
_bك ر و
100 1 _aكرو، بيتر
_eمؤلف.
245 1 0 _aرحلة إلى مدائن صالح، شوال 1383 هـ. / فبراير 1964 م /
_cبيتر كرو ؛ ترجمة محمد زياد كبة.
264 1 _aالرياض :
_bدارة الملك عبد العزيز،
_c2013
300 _a30، 35 صفحة :
_bإيضاحيات ؛
_c24 سم.
336 _aنص
_btxt
_2rdacontent
_3كتاب
337 _aبدون وسيط
_bn
_2rdamedia
338 _aمجلد
_bnc
_2rdacarrier
490 0 _aإصدارات دارة الملك عبد العزيز ؛
_v293
546 _aالنص باللغتين العربية والإنجليزية.
600 1 7 _aكرو، بيتر
_xرحلات
_zالسعودية
_zمدائن صالح
_2aucnm
651 7 _aمدائن صالح (السعودية)
_xوصف ورحلات
_2aucsh
700 1 _aكبة، محمد زياد يحيى،
_d1951-
_eمترجم.
942 _2ddc
_cBOOK
_n0
949 _aSA-JeALM
_d250708
_umohamedma123
_n1
999 _c9614
_d9614